000 00495nam a2200157 i 4500
001 72715
003 ES-MaACL
007 t|
008 040902s1955 sp ||||1| spa d
100 1 _aGluckstein, Ygael.
_957461
245 1 4 _aLos satélites de Rusia en Europa /
_cYgael Gluckstein ; [traducido al español por Pedro García Ferrero].
260 _aMadrid :
_bArtola,
_c1955.
300 _a341 p. ;
_c22 cm.
700 1 _aGarcía Ferrero, Pedro.
_954614
852 _aES-MaACL
_jC-9550
_bR.37394
999 _c72715
_d72715